Welcome to the Holygrace Academy Library

Please use search bar below to get started

ASTROSAURS (Record no. 6070)

MARC details
000 -LEADER
fixed length control field 01166nam a22001457a 4500
020 ## - INTERNATIONAL STANDARD BOOK NUMBER
ISBN 978-1-862-30255-6
082 ## - DEWEY DECIMAL CLASSIFICATION NUMBER
Classification number 823
Item number COL/A
100 ## - MAIN ENTRY--AUTHOR NAME
Personal name COLE, STEVE
245 ## - TITLE STATEMENT
Title ASTROSAURS
Remainder of title REVENGE OF THE FANG
260 ## - PUBLICATION, DISTRIBUTION, ETC. (IMPRINT)
Place of publication UNITED KINGDOM
Name of publisher RED FOX
300 ## - PHYSICAL DESCRIPTION
Number of Pages 130
520 ## - SUMMARY, ETC.
Summary, etc Revenge of the FANG is the fourteenth book in the Astrosaurs series, which features Blink, Dutch, and Damona from Astrosaurs Academy. The cover art features Teggs in a dinner suit confronting King Albu, Tonka, Crool Dasta and Attila at their Tartara HQ. These four villains appear to have joined forces and have created an evil organization called the Fearsome Army of Nasty Geniuses or "FANG" for short! The group has captured Teggs's friends Blink and Dutch and is holding them for ransom. To rescue them, Teggs must steal a substance called Mega-Spray Y from the heavily guarded DSS craft SSSS-One. To make matters worse, Admiral Rosso has sent his friends Arx, Gipsy, and Iggy to capture him. However, Teggs has an ally-his old academy rival Damona the diceratops! Can Teggs and Damona defeat the FANG and restore his good name?
650 ## - SUBJECT ADDED ENTRY--TOPICAL TERM
Topical Term ADVENTURE STORY
Geographic subdivision UNITED KINGDOM
942 ## - ADDED ENTRY ELEMENTS (KOHA)
Koha item type Books
Holdings
Withdrawn status Lost status Collection code Home library Current library Shelving location Date acquired Source of acquisition Full call number Accession Number Koha item type
    Fiction Main Library Main Library SHELF 15 H-HARRY POTTER(CHARACTERISATION),WIMPY KID,DORK DIARIES 26/03/2014 purchase 823 COL/A 08241 Books